Statistics for Top 5 NFL Players ever to play for the Buccaneers

Click here to take the quiz!

General Stats

  • This quiz has been taken 31 times
  • The average score is 4 of 5

Answer Stats

CareerPos.Answer% Correct
2020-PresentQBTom Brady
100%
2020-2022TERob Gronkowski
97%
1995-2008LBDerrick Brooks
73%
1985-1986QBSteve Young
63%
1976-1984DELee Roy Selmon
37%

Score Distribution

Percentile by Number Answered

Percent of People with Each Score

Your Score History

You have not taken this quiz